00382nam a2200133Ia 450000500170000000800410001702000180005808200210007610000210009724500530011826000270017130000110019865000390020920250405111330.0231217s9999 xx 000 0 und d a9788131403525 a658.3125 RED1;3 aSumati Reddy ed. 0aIcfai university press on performance management c2006bIcfaiaHyderabad axi+191 aIcfai,press,performance,management